000 00320nam a22001217a 4500
999 _c160039
_d160039
082 _a
_b
100 _aGeorge Mamman
245 _aSwathanthryothar hindi upanyas aur adhunikta bodh/
_cby George Mamman.
260 _aNew Delhi:
_bJawaharlal Nehru Memorial Fund,
_c2006.
300 _a167p.
650 _a
942 _cBK